000 00529nam a2200181Ia 4500
008 090630s9999 xx 000 0 und d
082 _b19070
100 _aकेळकर न. चि.
245 _aवाग्रविहार.
_cकेळकर न. चि.
260 _b---
300 _a130
600 _aकेळकर न. चि.
630 _aवाग्रविहार.
655 _aइतर.
700 _aकेळकर न. चि.
730 _aवाग्रविहार.
942 _cBOOK
999 _c270926
_d270926